| 000 | 01094nam a22003137a 4500 | ||
|---|---|---|---|
| 003 | CHAP | ||
| 005 | 20220329135349.0 | ||
| 008 | 971013s1827 r 00010 d | ||
| 010 | _a35108 | ||
| 011 | _a36080 | ||
| 035 | _a40199 | ||
| 040 | _cCHAP | ||
| 082 |
_a336.72 _bM48 1825/26 |
||
| 110 |
_aMéxico. Ministerio de Relaciones Interiores y Exteriores _977075 |
||
| 245 | _aMemoria leída en la cámara de diputados el 10, y en la de senadores el 12 de enero de 1827 | ||
| 260 |
_aMéico, D.F. : _bImprenta del Supremo Gobierno, _c1827 |
||
| 300 | _a37 p | ||
| 500 | _aEncuadernado con: Memoria de hacienda | ||
| 590 |
_aBATCH-UPD _b10 _c20130110 _lUCH01 _h1807 |
||
| 590 |
_aBATCH-UPD _b10 _c20130410 _lUCH01 _h1143 |
||
| 590 |
_aBATCH-UPD _b10 _c20130914 _lUCH01 _h1825 |
||
| 590 |
_aBATCH-UPD _b10 _c20161124 _lUCH01 _h1709 |
||
| 590 |
_aCONVERSION _b10 _c20130109 _lUCH01 _h1320 |
||
| 650 | 1 | 4 |
_aMéxico _xRelaciones exteriores. _976785 |
| 651 | 4 |
_aMéxico _xPolítica y gobierno. _976783 |
|
| 901 | _aBK | ||
| 942 | _cLIBRO | ||
| 949 |
_a336.72 M48 1825/26 _bBC _cBPP _d-91794 _eBPP _i40199 _si |
||
| 999 |
_c35108 _d35108 |
||